zpět

Detail výsledku týmu

Limbo, Brno

Datum a čas kvízu

25 Celkem bodů Celkový počet nahraných bodů na tomto kvízu bez doplňovacích otázek.
6. Pořadí na kvízu Konečné umístění týmu na tomto kvízu.

Zaznamenané odpovědi

# Otázka Odpověď Body Výsledky
1. Jak jste pravděpodobně zazname... Mortimer 0
2. V sousedním Rakousku před něko... Sebastian Kurz 0
3. Malba slavného streetartového... šimpanzi 0
4. Ve čtvrtek byla v Praze otevře... Tesla 1
5. Jistý evropský fotbalový svaz... na Slovensku 0
6. Napíšete-li název afghánské le... Bagrám 0
7. Jak se jmenuje současný náčeln... Aleš Opata 0
8. Jak se nazývá město, u něhož s... Čáslav 0
9. Jednou z prvních zahraničních... Kosovo 1
10. Napište název tohoto víceúčelo... Pandur 1